000 00842nam a2200301Ia 4500
001 13350
003 IT-RoPAU
008 130308s9999 xx 000 0 und d
040 _aIT-RoPAU
040 _cIT-RoPAU
041 _aITALIANO
100 _aPrampolini Enrico
100 _gCodice Aut. SPICS: 2365
245 _aAtmosfera scenica futurista (L')
245 _bRealta' Attrezzata (La)-Scena e Spettacolo dei Futuristi
250 _a1a ed.
260 _aTORINO
260 _bEinaudi
260 _c1977 [1° Ed.:1977 - Ed.Ling.Originale:1924]
300 _a"6 p. (prefazione: no ; testo: 6 [pagine: 259-264])"
500 _aSpazio Scenico Polidimensionale Attore Spazio
650 _aSTORIA NAZIONALE DEL TEATRO
650 _eCodice materia Spics: 8409
942 _cBK
957 _71
999 _c62282
_d62282
999 _bSI
999 _g1